00687nam a2200205Ia 4500003000400000005001700004008004100021020001500062040001800077041000800095082002000103100001800123245011300141250004300254260005200297300001900349650005800368650002800426650002700454OSt20220228155654.0210716s2003 xx 000 0 und d a8178665689 cAIMIT LIBRARY aeng a658.3 23bRAOP aRao, P Subba. aEssentials of human resource management and industrial relations : btext cases and games /cBy P Subba Rao. a3rd ed.bRevised and Enlarged Edition. aHyderabad :bHimalaya Publishing House ;c2003. a613p, ;c27 cm aHuman resource management: environment and strategies aHuman resource planning aManagement development